Mr. Freeze - Portrayals by Picture - Statistics

General Stats
  • This quiz has been taken 12 times
  • The average score is 2 of 22
Answer Stats
Picture Answer % Correct
Arnold Schwarzenegger
86%
David Burrows / Ogie Banks / Townsend Coleman / Liam O'Brien / Eric Bauza
14%
Eli Wallach
14%
John DiMaggio
14%
John DiMaggio
14%
Michael Ansara
14%
Michael Ansara
14%
Michael Ansara
14%
Nathan Darrow
14%
Clancy Brown
0%
Donald Chang
0%
George Saunders
0%
Jim Meskimen
0%
John de Lancie
0%
Keith Szarabajka
0%
Lennie Weinrib
0%
Maurice LeMarche
0%
Oded Fehr
0%
Otto Preminger
0%
Peter Stormare
0%
Robert Kraft
0%
Ted Knight
0%
No matching quizzes found
Score Distribution
Percent of People with Each Score
Percentile by Number Answered
Your Score History
You have not taken this quiz